Current Trends in Human Resources Management as Important Implications of the Global COVID-19 Pandemic
Problematika riadenia ľudských zdrojov počas pandémie Covid-19 a teoretický a analytický pohľad na najdôležitejšie trendy v tejto oblasti. Proces riadenia ľudských zdrojov, jeho základné postupy a vplyv globálnej pandémie spôsobenej ochorením Covid-19 na súčasné podnikateľské prostredie. Výsledky gl...
Gespeichert in:
| 1. Verfasser: | |
|---|---|
| Weitere Verfasser: | |
| Format: | Buchkapitel |
| Sprache: | Englisch |
| Schlagworte: | |
| Tags: |
Keine Tags, Fügen Sie das erste Tag hinzu!
|
MARC
| LEADER | 00000naa a2200000 4500 | ||
|---|---|---|---|
| 001 | 0277649 | ||
| 005 | 20210803083340.5 | ||
| 041 | 0 | |a eng | |
| 044 | |a SK | ||
| 245 | 1 | 0 | |a Current Trends in Human Resources Management as Important Implications of the Global COVID-19 Pandemic |c Ľuba Tomčíková, Nella Svetozarovová |
| 520 | |a Problematika riadenia ľudských zdrojov počas pandémie Covid-19 a teoretický a analytický pohľad na najdôležitejšie trendy v tejto oblasti. Proces riadenia ľudských zdrojov, jeho základné postupy a vplyv globálnej pandémie spôsobenej ochorením Covid-19 na súčasné podnikateľské prostredie. Výsledky globálneho prieskumu „top 10“ trendov v oblasti riadenia ľudských zdrojov v čase globálnej pandémie. Výsledky výskumu, ktorý bol realizovaný na vzorke manažérov ľudských zdrojov pôsobiacich v spoločnostiach pôsobiacich na území Slovenskej republiky v IT a komunikačnom sektore, sektore služieb, obchode a ďalších oblastiach podnikania. | ||
| 610 | 2 | 0 | |a riadenie ľudských zdrojov |
| 610 | 2 | 0 | |a zdroje ľudské |
| 610 | 2 | 0 | |a koronavírus |
| 610 | 2 | 0 | |a pandémia |
| 610 | 2 | 0 | |a manažéri |
| 100 | 1 | |a Tomčíková, Ľuba | |
| 700 | 1 | |a Svetozarovová, Nella | |